FAO 's livelihood support

People-centred approaches, diversification and enterprise development, people's participation in policy-making, access to natural resources, land rights, access of the poor to forest resources, natural resource conflict management-Training materials.

Na minha lista:
Detalhes bibliográficos
Autor Corporativo: Food and Agriculture Organization of the United Nations
Formato: Livro
Idioma:Undetermined
Publicado em: Rome Food and Agriculture Organization of the United Nations 2007
Assuntos:
Tags: Adicionar Tag
Sem tags, seja o primeiro a adicionar uma tag!
Thư viện lưu trữ: Trung tâm Học liệu Trường Đại học Cần Thơ
LEADER 00940nam a2200193Ia 4500
001 CTU_213725
008 210402s9999 xx 000 0 und d
082 |a 363.7 
082 |b F686 
110 |a Food and Agriculture Organization of the United Nations 
245 0 |a FAO 's livelihood support 
245 0 |c Food and Agriculture Organization of the United Nations 
260 |a Rome 
260 |b Food and Agriculture Organization of the United Nations 
260 |c 2007 
520 |a People-centred approaches, diversification and enterprise development, people's participation in policy-making, access to natural resources, land rights, access of the poor to forest resources, natural resource conflict management-Training materials. 
650 |a Sustainable development,Rural development,Phát triển bền vững,Phát triển nông thôn 
904 |i Qhieu 
980 |a Trung tâm Học liệu Trường Đại học Cần Thơ